Generator Puzzle #22 - Statistics

General Stats
  • This quiz has been taken 1,118 times
  • The average score is 16 of 21
Answer Stats
Hint Answer % Correct
Bambi, for instance Deer
97%
Fruity liquid Juice
97%
An item's cost Price
94%
Impolite Rude
92%
Alcoholic apple drink Cider
91%
Love bringing arrow-shooter Cupid
90%
Cooking instructions Recipe
90%
Singer Clapton Eric
88%
Thin pancake Crepe
87%
One of seven deadly sins Pride
86%
Indian currency Rupee
86%
Shallow antonym Deep
84%
Cosmetic foot treatment Pedicure
83%
Small, four-wheel drive Jeep
78%
One, Yoda was Jedi
76%
40-40, in tennis Deuce
69%
9-Letter Word PREJUDICE
69%
Make smaller Reduce
60%
Move carefully, tiptoe Creep
59%
Prick, puncture Pierce
49%
Gastronomic connoisseur Epicure
23%
No matching quizzes found
Score Distribution
Percent of People with Each Score
Percentile by Number Answered
Your Score History
You have not taken this quiz